000 00259nam a22001217a 4500
020 _a9789380836201
082 _a070.43
100 _aMonita Singh
245 _aArt of reporting
260 _aNew Delhi
_bCentrum press
_c2010
300 _a295p
942 _cBK
999 _c2763
_d2763